| 000 | 01161nac a22003011i 4500 | ||
|---|---|---|---|
| 003 | EG-ScBUE | ||
| 005 | 20240222102804.0 | ||
| 008 | 121128s1984 ua f 000 0 ara d | ||
| 017 | _a1984 / 2914 | ||
| 020 | _a97701342X | ||
| 040 |
_aEG-ScBUE _bara _erda _cEG-ScBUE _dEG-ScBUE |
||
| 082 | 0 | 4 |
_a932 _bب س ي _222 |
| 100 | 1 |
_aبسيوني، محمد عبد الحميد، _eمؤلف. |
|
| 245 | 1 | 0 |
_aآداب السلوك عند المصريين القدماء / _cمحمد عبد الحميد بسيوني. |
| 264 | 1 |
_aالقاهرة : _bالهيئة المصرية العامة للكتاب، _c1984. |
|
| 300 |
_a125 صفحة ؛ _c14 سم. |
||
| 336 |
_2rdacontent _aنص _btxt |
||
| 337 |
_aبدون وسيط _2rdamedia _bn |
||
| 338 |
_aمجلد _bnc _2rdacarrier |
||
| 490 | 0 |
_aالمكتبة الثقافية ؛ _v382 |
|
| 650 | 7 |
_aالحضارة الفرعونية. _2BUEsh |
|
| 650 | 7 |
_aقدماء المصريين. _2BUEsh |
|
| 650 | 7 |
_aالحضارة المصرية. _2BUEsh |
|
| 650 | 7 |
_aآداب السلوك. _2BUEsh |
|
| 651 | 7 |
_2BUEsh _aمصر القديمة _xتاريخ. |
|
| 655 | _vReading book | ||
| 942 |
_cBB _2ddc |
||
| 999 |
_c6430 _d6430 |
||